The Beatles - Song Association - Statistics

General Stats
  • This quiz has been taken 112 times
  • The average score is 5 of 7
Answer Stats
Hint Answer % Correct
sun Here Comes the Sun | Sun King | Good Day Sunshine | I'll Follow the Sun
99%
Lucy Lucy in the Sky with Diamonds | I Am the Walrus
95%
bird Blackbird | Free as a Bird
93%
dog Hey Bulldog | A Hard Day's Night
61%
morning Good Morning Good Morning | I'm Only Sleeping | She's Leaving Home
53%
riding Ticket to Ride | Two of Us
31%
Sunday She Came in Through the Bathroom Window | Lady Madonna | Two of Us
30%
No matching quizzes found
Score Distribution
Percent of People with Each Score
Percentile by Number Answered
Your Score History
You have not taken this quiz